History and newest development in elastomers (HNBR) (Record no. 60455)

MARC details
000 -LEADER
fixed length control field 00470nam a2200133Ia 4500
100 ## - MAIN ENTRY--AUTHOR NAME
Personal name Szentivanyi Zsolt
245 #0 - TITLE STATEMENT
Title History and newest development in elastomers (HNBR)
260 ## - PUBLICATION, DISTRIBUTION, ETC. (IMPRINT)
Name of publisher International Conference and Exhibition on Rubber and Allied Materials Asia Rub Tech Expo 2002. 28-30 November 2002, New Delhi. pp.146-150.
650 ## - SUBJECT ADDED ENTRY--TOPICAL TERM
Topical Term Elastomers
700 ## - ADDED ENTRY--PERSONAL NAME
Personal name Achten Dirk
700 ## - ADDED ENTRY--PERSONAL NAME
Personal name Mezger Martin
942 ## - ADDED ENTRY ELEMENTS (KOHA)
Koha item type Journals
Holdings
Withdrawn status Lost status Damaged status Not for loan Home library Current library Shelving location Date acquired Koha item type
      Journals RRII Library RRII Library Rubber chemistry 17/12/2021 Journals